Program Leonardo da Vinci na slovenských vysokých školách
Prezentácia projektu ComLaB-SciTech, ktorý je významným prostriedkom integrácie slovenských vysokých škôl do európskeho vzdelávacieho priestoru. Zámery projektu. Reálne a virtuálne počítačom podporované laboratóriá v odbornej príprave. Hlavné výstupy projektu. Implementácia výsledkov projektu do pra...
Saved in:
| Main Author: | |
|---|---|
| Format: | Book Chapter |
| Language: | Slovak |
| Subjects: | |
| Tags: |
No Tags, Be the first to tag this record!
|
MARC
| LEADER | 00000naa a2200000 4500 | ||
|---|---|---|---|
| 001 | r049539 | ||
| 005 | 20230927095358.7 | ||
| 041 | 0 | |a slo | |
| 044 | |a SK | ||
| 245 | 1 | 0 | |a Program Leonardo da Vinci na slovenských vysokých školách |c Jana Raganová |
| 520 | |a Prezentácia projektu ComLaB-SciTech, ktorý je významným prostriedkom integrácie slovenských vysokých škôl do európskeho vzdelávacieho priestoru. Zámery projektu. Reálne a virtuálne počítačom podporované laboratóriá v odbornej príprave. Hlavné výstupy projektu. Implementácia výsledkov projektu do praxe. | ||
| 610 | 2 | 0 | |a vzdelávanie |
| 610 | 2 | 0 | |a školy vysoké |
| 610 | 2 | 0 | |a projekty |
| 610 | 2 | 0 | |a integrácia |
| 610 | 2 | 0 | |a vyučovanie |
| 610 | 2 | 0 | |a príprava odborná |
| 610 | 2 | 0 | |a koordinácia |
| 100 | 1 | |a Raganová, Jana | |